000 01881cam a22003135a 4500
001 18464335
005 20171107125736.0
008 150123s2015 enk frb 001 0 eng d
010 _a 2015003147
020 _a9780470672488 (cloth)
035 _a(DNLM)101650234
040 _aDNLM/DLC
_beng
_cDLC
_dEG-ScBUE
_dEG-ScBUE
082 0 4 _a617.632
_bCLI
_222
245 0 0 _aClinical periodontology and implant dentistry /
_cedited by Jan Lindhe ... [et al.].
250 _a6th ed.
260 _aChichester :
_bWiley Blackwell,
_c2015.
300 _a2 v. (1372 p. ) :
_bill. ;
_c28 cm.
504 _aIncludes bibliographical references and index.
505 0 _av. 1. Basic concepts -- v. 2. Clinical concepts.
520 _aNow in its sixth edition, Clinical Periodontology and Implant Dentistry is the must-have resource for practitioners specialising in periodontal care and implant dentistry. The chapters have been extensively revised with 40% of the content new to this edition. Maintaining the widely praised two-volume format introduced in the previous edition, the editorial team has once again brought together the world's top international specialists to share their expertise on all aspects of periodontology, periodontal health and the use of implants in the rehabilitation of the periodontally compromised patient. Seamlessly integrating foundational science, practical clinical protocols, and recent advances in the field, Clinical Periodontology and Implant Dentistry, Sixth Edition enhances its stellar reputation as the cornerstone reference work on periodontology.
650 7 _aPeriodontal Diseases.
_2BUEsh
650 7 _aDental Implantation.
_2BUEsh
_941572
650 7 _aDental implants.
_2BUEsh
_935980
651 _2BUEsh
653 _bDDent
_cOctober2016
_cNovember2017
655 _vText book
_933728
700 1 _aLindhe, Jan,
_eeditor.
942 _2ddc
999 _c22639
_d22611